[Event "Kingston Invitational Swiss"]
[Site "Kingston-upon-Thames"]
[Date "2025.08.16"]
[Round "9.13"]
[White "Bashylina, Luisa"]
[Black "Armstrong, Alastair"]
[Result "1-0"]
[WhiteElo "2085"]
[BlackElo "2108"]
[PlyCount "55"]
[EventDate "2025.08.12"]
[EventType "swiss"]
[EventRounds "9"]
[EventCountry "ENG"]

1. d4 g6 2. c4 Bg7 3. Nc3 d6 4. e4 Nc6 5. d5 Nd4 6. Be3 c5 7. Nge2 Qb6 8. Na4 Qa6 9. Nxd4 cxd4 10. Bxd4 Nf6 11. Nc3 e5 12. dxe6 Bxe6 13. Qf3 Bg4 14. Qf4 Nh5 15. Qd2 O-O 16. Bxg7 Nxg7 17. Nd5 f5 18. f3 Bh5 19. Nc7 Qa4 20. Nxa8 fxe4 21. b3 Qe8 22. O-O-O exf3 23. Nc7 fxg2 24. Bxg2 Qc8 25. Nd5 Qg4 26. Rdf1 Nf5 27. Nf4 Nh4 28. Bd5+ 1-0

[Event "Kingston Invitational Swiss"]
[Site "Kingston-upon-Thames"]
[Date "2025.08.16"]
[Round "9.14"]
[White "Waddington, Mike P"]
[Black "Yu, Rock"]
[Result "1-0"]
[WhiteElo "2034"]
[BlackElo "2107"]
[PlyCount "41"]
[EventDate "2025.08.12"]
[EventType "swiss"]
[EventRounds "9"]
[EventCountry "ENG"]

1. e4 c5 2. Nc3 Nc6 3. f4 e6 4. Nf3 d5 5. Bb5 Nge7 6. exd5 Nxd5 7. d3 Nxc3 8. bxc3 Be7 9. O-O O-O 10. Bxc6 bxc6 11. Ne5 Bb7 12. Be3 f6 13. Nc4 Ba6 14. Nd2 c4 15. Nxc4 Bxc4 16. dxc4 Qa5 17. Qd7 Kf7 18. f5 exf5 19. Rae1 Rfe8 20. Bd4 Qxa2 21. Bc5 1-0

[Event "Kingston Invitational Swiss"]
[Site "Kingston-upon-Thames"]
[Date "2025.08.16"]
[Round "9.15"]
[White "Han, Qixuan"]
[Black "Frostick, Clive A"]
[Result "1-0"]
[WhiteElo "1896"]
[BlackElo "2095"]
[PlyCount "49"]
[EventDate "2025.08.12"]
[EventType "swiss"]
[EventRounds "9"]
[EventCountry "ENG"]

1. Nf3 d5 2. e3 Nf6 3. c4 e6 4. Nc3 Bd6 5. b3 b6 6. Bb2 a6 7. d4 Nbd7 8. cxd5 exd5 9. Bd3 Bb7 10. O-O O-O 11. Rc1 Ne4 12. Qc2 f5 13. Ne2 Qe7 14. Ne5 g6 15. Nf4 Bxe5 16. dxe5 Nec5 17. b4 Nxd3 18. Qxd3 c6 19. Qd4 c5 20. bxc5 bxc5 21. Nxd5 cxd4 22. Nxe7+ Kf7 23. Rc7 Kxe7 24. Rxb7 dxe3 25. Ba3+ 1-0

[Event "Kingston Invitational Swiss"]
[Site "Kingston-upon-Thames"]
[Date "2025.08.16"]
[Round "9.16"]
[White "Farrand, Tom"]
[Black "Kumar, Sachin"]
[Result "1-0"]
[WhiteElo "2077"]
[BlackElo "1800"]
[PlyCount "165"]
[EventDate "2025.08.12"]
[EventType "swiss"]
[EventRounds "9"]
[EventCountry "ENG"]

1. e4 c5 2. Nc3 Nc6 3. Bb5 g6 4. Bxc6 bxc6 5. f4 Bg7 6. Nf3 Nf6 7. d3 O-O 8. O-O d6 9. Qe1 Ne8 10. Qh4 f5 11. e5 Nc7 12. Bd2 Bd7 13. Rae1 Ne6 14. Qf2 Rb8 15. b3 Rb7 16. Na4 Qe8 17. g3 Qf7 18. c4 h6 19. h4 h5 20. Re2 Re8 21. Rfe1 Qf8 22. Kh2 Kh7 23. exd6 exd6 24. Rxe6 Bxe6 25. Ng5+ Kg8 26. Nxe6 Qf7 27. Nxg7 Kxg7 28. Rxe8 Qxe8 29. Kg2 Kf7 30. Bc3 Rd7 31. Kf3 Rb7 32. Bd2 Rc7 33. Nc3 Qe6 34. Ne2 Rb7 35. Ng1 Rb8 36. Bc3 Re8 37. Nh3 Kg8 38. Ng5 Qe7 39. Qd2 Kf8 40. Kf2 Kg8 41. Nf3 Kf8 42. Bb2 Kg8 43. Qe1 Qxe1+ 44. Nxe1 Kf7 45. Nf3 Ke6 46. Ke2 Kd7+ 47. Kd2 Kc7 48. Bc3 Kb6 49. Ng5 Re7 50. b4 cxb4 51. Bxb4 Kc7 52. d4 Kd7 53. Kd3 a6 54. Nf3 Re6 55. c5 d5 56. Ne5+ Kc7 57. Ba5+ Kc8 58. Kc2 Rf6 59. Kb3 Re6 60. Ka4 Kb7 61. Bb6 Ka8 62. Ka5 Kb7 63. Bd8 Ka7 64. Be7 Kb7 65. Bd6 Rf6 66. Nd3 Re6 67. Be5 Re7 68. Nb4 Re8 69. Nd3 Re6 70. Nc1 Re8 71. Nb3 Re6 72. Kb4 Ka8 73. Na5 Ka7 74. a3 Ka8 75. a4 Ka7 76. Bd6 Re1 77. Nxc6+ Kb7 78. Ne7 Rc1 79. c6+ Rxc6 80. Nxc6 Kxc6 81. Bc5 Kc7 82. Ka5 Kb7 83. Bb6 1-0

[Event "Kingston Invitational Swiss"]
[Site "Kingston-upon-Thames"]
[Date "2025.08.16"]
[Round "9.17"]
[White "Stevenson, James"]
[Black "Andal, Edmond"]
[Result "0-1"]
[WhiteElo "1969"]
[BlackElo "2011"]
[PlyCount "78"]
[EventDate "2025.08.12"]
[EventType "swiss"]
[EventRounds "9"]
[EventCountry "ENG"]

1. d4 e6 2. e4 d5 3. Bd3 Nf6 4. e5 Nfd7 5. Ne2 c5 6. c3 Nc6 7. Nd2 Qb6 8. Nf3 Be7 9. O-O cxd4 10. cxd4 Nf8 11. Nc3 Bd7 12. Na4 Qa5 13. Bd2 Nb4 14. b3 Bb5 15. a3 Bxd3 16. Bxb4 Qb5 17. Nc3 Qa6 18. Bxe7 Kxe7 19. Re1 Nd7 20. Qd2 h6 21. a4 Rac8 22. Re3 Bg6 23. Nb5 Nb8 24. Qb4+ Kd7 25. Nh4 Bh7 26. Rf3 Rhf8 27. Nd6 Nc6 28. Qc3 Nxe5 29. Nxc8 Rxc8 30. Qe3 Nxf3+ 31. Nxf3 Ke7 32. Re1 Qa5 33. Qe5 Kf8 34. Qd6+ Kg8 35. Rd1 Be4 36. Ne5 Qd2 37. Rf1 Rc1 38. h4 Rxf1+ 39. Kh2 Qf4+ 0-1

[Event "Kingston Invitational Swiss"]
[Site "Kingston-upon-Thames"]
[Date "2025.08.16"]
[Round "9.18"]
[White "Taylor, William J"]
[Black "Rice, Chris B"]
[Result "1/2-1/2"]
[WhiteElo "1985"]
[BlackElo "1926"]
[PlyCount "61"]
[EventDate "2025.08.12"]
[EventType "swiss"]
[EventRounds "9"]
[EventCountry "ENG"]

1. e4 c6 2. d4 d5 3. exd5 cxd5 4. Bd3 Nc6 5. c3 Qc7 6. h3 Nf6 7. Nf3 g6 8. O-O Bf5 9. Re1 Bxd3 10. Qxd3 Bg7 11. Ne5 Nd7 12. Nxd7 Qxd7 13. Bf4 O-O 14. Nd2 Rac8 15. Nf3 a6 16. Qe3 Rfe8 17. Bh6 Qf5 18. Re2 b5 19. Bxg7 Kxg7 20. g4 Qd7 21. Ne5 Nxe5 22. dxe5 e6 23. Kg2 Rc4 24. Rd1 Rec8 25. Kg3 a5 26. f4 b4 27. cxb4 axb4 28. Rf2 Qe7 29. Rg1 Qc5 30. Rf3 Re4 31. Qxc5 1/2-1/2

[Event "Kingston Invitational Swiss"]
[Site "Kingston-upon-Thames"]
[Date "2025.08.16"]
[Round "9.19"]
[White "Kumar, Arnav"]
[Black "Pirgon, Joshua"]
[Result "1/2-1/2"]
[WhiteElo "1814"]
[BlackElo "1849"]
[PlyCount "41"]
[EventDate "2025.08.12"]
[EventType "swiss"]
[EventRounds "9"]
[EventCountry "ENG"]

1. e4 c5 2. Nf3 d6 3. d4 cxd4 4. Nxd4 Nf6 5. Nc3 Nc6 6. Be2 e5 7. Nb3 Be6 8. Be3 Be7 9. f3 Rc8 10. O-O O-O 11. Qd2 d5 12. exd5 Nxd5 13. Nxd5 Qxd5 14. Qxd5 Bxd5 15. c3 Rfd8 16. Rfd1 Rc7 17. Bb5 b6 18. Kf2 Be6 19. g3 f6 20. Rac1 Kf7 21. Be2 1/2-1/2

[Event "Kingston Invitational Swiss"]
[Site "Kingston-upon-Thames"]
[Date "2025.08.16"]
[Round "9.20"]
[White "Gajowniczek, Maks"]
[Black "Gosling, Marcus"]
[Result "0-1"]
[WhiteElo "1847"]
[BlackElo "1909"]
[PlyCount "116"]
[EventDate "2025.08.12"]
[EventType "swiss"]
[EventRounds "9"]
[EventCountry "ENG"]

1. Nf3 Nf6 2. d4 e6 3. c4 b6 4. a3 Ba6 5. b3 c5 6. Bb2 Be7 7. d5 exd5 8. cxd5 d6 9. g3 O-O 10. Bg2 Nbd7 11. h3 Re8 12. O-O Bf8 13. Re1 Ne4 14. Nbd2 f5 15. Nh4 g6 16. Nxe4 fxe4 17. Qd2 Qe7 18. f3 e3 19. Qc2 Bg7 20. f4 Bxb2 21. Qxb2 Qf6 22. Qc2 Rac8 23. Nf3 c4 24. b4 b5 25. Rad1 c3 26. Ng5 Nb6 27. Rd3 Qf5 28. Rf1 Rc4 29. h4 Bc8 30. Bh3 Qf6 31. Bxc8 Nxc8 32. Rc1 Nb6 33. Rxc3 Rec8 34. Rxc4 Rxc4 35. Qd1 Qb2 36. Rxc4 bxc4 37. Qf1 Qd4 38. h5 c3 39. Qb1 Qxd5 40. hxg6 h6 41. Nf7 Kg7 42. f5 Nd7 43. g4 Qd4 44. Nxh6 Kxh6 45. g5+ Kxg5 46. g7 Qxg7 47. Qe4 Qe5 48. Qg2+ Kh4 49. Qh1+ Kg4 50. Qf3+ Kh4 51. Qh1+ Kg5 52. Qg2+ Kxf5 53. Qh3+ Ke4 54. Qh7+ Qf5 55. Qe7+ Ne5 56. Qb7+ d5 57. Qc7 Qg5+ 58. Kh1 Qh4+ 0-1

[Event "Kingston Invitational Swiss"]
[Site "Kingston-upon-Thames"]
[Date "2025.08.16"]
[Round "9.21"]
[White "Fegan, Chris"]
[Black "Hughes, Anthony"]
[Result "0-1"]
[WhiteElo "1994"]
[BlackElo "1930"]
[PlyCount "114"]
[EventDate "2025.08.12"]
[EventType "swiss"]
[EventRounds "9"]
[EventCountry "ENG"]

1. e4 c6 2. b3 d5 3. exd5 cxd5 4. Bb2 Nd7 5. Nf3 Ngf6 6. c4 b6 7. Nc3 Bb7 8. cxd5 Nxd5 9. Bc4 N5f6 10. Qe2 e6 11. Ng5 Qe7 12. Nb5 Nd5 13. Ne4 Nc5 14. Ned6+ Kd8 15. Qf3 f6 16. d4 Nb4 17. Nxb7+ Nxb7 18. O-O a6 19. Nc3 b5 20. Bxe6 Qxe6 21. Qxb7 Qc6 22. Qxc6 Nxc6 23. Ne4 Kd7 24. Rad1 Bb4 25. a3 Ba5 26. d5 Ne5 27. Nc5+ Ke8 28. Bxe5 fxe5 29. Nd3 Rc8 30. Nxe5 Rf8 31. Rc1 Rxc1 32. Rxc1 Rf5 33. Nc6 Bb6 34. Re1+ Kd7 35. Ne5+ Kd6 36. Nd3 Kxd5 37. Nb4+ Kd6 38. Rd1+ Ke5 39. Re1+ Kd4 40. g4 Rf4 41. h3 a5 42. Rd1+ Ke4 43. Nd5 Bxf2+ 44. Kg2 Rf8 45. Nc3+ Ke3 46. Rf1 Kd3 47. Nxb5 Bc5 48. Rd1+ Ke3 49. Rd5 Rf2+ 50. Kg1 Rc2 51. Kh1 Ke4 52. Rd1 Kf4 53. Nc7 Kg3 54. Rd3+ Kf2 55. Ne6 Be3 56. Rd5 Kg3 57. Rd1 Rh2# 0-1

[Event "Kingston Invitational Swiss"]
[Site "Kingston-upon-Thames"]
[Date "2025.08.16"]
[Round "9.22"]
[White "Cowan, Xavier"]
[Black "Young, Daniel J"]
[Result "1/2-1/2"]
[WhiteElo "1854"]
[BlackElo "1958"]
[PlyCount "147"]
[EventDate "2025.08.12"]
[EventType "swiss"]
[EventRounds "9"]
[EventCountry "ENG"]

1. d4 Nf6 2. c4 g6 3. Nc3 Bg7 4. e4 d6 5. f3 O-O 6. Be3 Nc6 7. Qd2 a6 8. Nge2 Rb8 9. d5 Ne5 10. b3 c5 11. dxc6 bxc6 12. Rd1 Qa5 13. Nf4 Ne8 14. Na4 Qc7 15. c5 f5 16. exf5 Rxf5 17. cxd6 exd6 18. Be2 d5 19. O-O Nd6 20. Nc5 Qe7 21. Bxa6 Bxa6 22. Nxa6 Ra8 23. Nb4 Nec4 24. bxc4 Nxc4 25. Nfxd5 cxd5 26. Nxd5 Qf7 27. Qc2 Nxe3 28. Nxe3 Rfa5 29. Qb3 Rxa2 30. Qxf7+ Kxf7 31. Rd7+ Kf8 32. Rfd1 Ra1 33. Rxa1 Rxa1+ 34. Kf2 Ra2+ 35. Kg3 Ra3 36. Nc4 Ra2 37. f4 Ra6 38. Rd3 Ra2 39. Kf3 Ke7 40. h3 h5 41. g4 hxg4+ 42. hxg4 Rc2 43. Ne3 Ra2 44. Rb3 Bd4 45. Nc4 Ke6 46. Ke4 Bf2 47. Ne3 Bxe3 48. Kxe3 Ra6 49. Rb4 Rc6 50. Ke4 Ra6 51. Rb3 Ra4+ 52. Kf3 Ra6 53. Kg3 Kf6 54. Rb5 Ra3+ 55. Kh4 Ra6 56. g5+ Kg7 57. Rb7+ Kg8 58. Rb5 Kg7 59. Kg4 Ra1 60. Rb7+ Kg8 61. Rb6 Kg7 62. Rf6 Ra4 63. Kf3 Rb4 64. Ke3 Ra4 65. Rd6 Ra1 66. Ke4 Re1+ 67. Kd5 Rf1 68. Rf6 Rd1+ 69. Ke6 Re1+ 70. Kd7 Rd1+ 71. Ke7 Re1+ 72. Re6 Ra1 73. Rd6 Ra4 74. Rf6 1/2-1/2

[Event "Kingston Invitational Swiss"]
[Site "Kingston-upon-Thames"]
[Date "2025.08.16"]
[Round "9.23"]
[White "Eckert, Jonathan"]
[Black "Skettos, Nicolas"]
[Result "0-1"]
[WhiteElo "1770"]
[BlackElo "1968"]
[PlyCount "76"]
[EventDate "2025.08.12"]
[EventType "swiss"]
[EventRounds "9"]
[EventCountry "ENG"]

1. e4 e6 2. Nf3 d5 3. e5 c5 4. b4 cxb4 5. d4 Nc6 6. a3 bxa3 7. Bxa3 Bxa3 8. Rxa3 Nge7 9. c3 Bd7 10. Bd3 b5 11. Nbd2 b4 12. cxb4 Nxb4 13. Be2 O-O 14. O-O Qb6 15. Nb3 a5 16. Nc5 Bb5 17. Bxb5 Qxb5 18. Qa4 Rfb8 19. Rfa1 Nec6 20. Nd7 Qxa4 21. Rxa4 Rb5 22. Kf1 Ra7 23. Nc5 Nc2 24. Rc1 N2b4 25. Nb3 h6 26. Rc5 Rxc5 27. Nxc5 Na6 28. Nb3 Nab8 29. Nc5 Nd7 30. Nb3 Nb6 31. Ra1 a4 32. Nc5 a3 33. Ke2 Nc4 34. Kd3 a2 35. Kc3 Ra3+ 36. Nb3 N6a5 37. Nfd2 Nxd2 38. Kxd2 Nxb3+ 0-1

[Event "Kingston Invitational Swiss"]
[Site "Kingston-upon-Thames"]
[Date "2025.08.16"]
[Round "9.24"]
[White "Bhatia, Jai"]
[Black "Razhnou, Lev"]
[Result "1-0"]
[WhiteElo "1708"]
[BlackElo "1821"]
[PlyCount "69"]
[EventDate "2025.08.12"]
[EventType "swiss"]
[EventRounds "9"]
[EventCountry "ENG"]

1. c4 e5 2. g3 Nf6 3. Bg2 c6 4. Nc3 d5 5. d4 e4 6. cxd5 cxd5 7. Bf4 Nc6 8. f3 Bf5 9. fxe4 Nxe4 10. Bxe4 Bxe4 11. Nxe4 dxe4 12. d5 Qa5+ 13. Kf1 O-O-O 14. d6 Bxd6 15. Bxd6 Qf5+ 16. Kg2 Qe6 17. Nh3 Rxd6 18. Qc2 f6 19. b4 Kb8 20. Rac1 a6 21. a4 Rhd8 22. Rhe1 Nxb4 23. Qc7+ Ka8 24. Rb1 R6d7 25. Qa5 Nd5 26. Nf2 Ne3+ 27. Kh1 Nc4 28. Qb4 e3 29. Nd3 Qc6+ 30. Kg1 a5 31. Qc3 Rd4 32. Rb5 b6 33. Reb1 Qe6 34. Rxb6 Qd5 35. Ra6# 1-0

[Event "Kingston Invitational Swiss"]
[Site "Kingston-upon-Thames"]
[Date "2025.08.16"]
[Round "9.25"]
[White "Lin, William"]
[Black "Keen, Maya"]
[Result "0-1"]
[WhiteElo "1678"]
[BlackElo "1805"]
[PlyCount "126"]
[EventDate "2025.08.12"]
[EventType "swiss"]
[EventRounds "9"]
[EventCountry "ENG"]

1. e4 c5 2. c3 Nf6 3. e5 Nd5 4. d4 e6 5. Ne2 d6 6. f4 Nc6 7. g3 cxd4 8. cxd4 dxe5 9. fxe5 Bb4+ 10. Nbc3 O-O 11. Bg2 Ba5 12. O-O Bb6 13. Nxd5 exd5 14. Be3 Nxe5 15. Nf4 Ng4 16. Bf2 Nxf2 17. Rxf2 Be6 18. Qd3 Qd6 19. Re1 Qb4 20. Rd2 Qd6 21. Qe3 Ba5 22. Nxe6 Bxd2 23. Qxd2 fxe6 24. Re5 Rf5 25. Re2 Raf8 26. Bh3 R5f6 27. Qe3 Re8 28. Bg4 Qf8 29. Re1 Qb4 30. Re2 Qa4 31. b3 Qc6 32. a3 b5 33. Bf3 a5 34. Bg4 b4 35. a4 Qc3 36. Qxc3 bxc3 37. Rc2 Rc8 38. Be2 Kf8 39. Kg2 Ke7 40. h3 Kd6 41. Bd3 e5 42. dxe5+ Kxe5 43. Re2+ Kd6 44. Bc2 d4 45. Re1 Rcf8 46. Re2 Re6 47. Rxe6+ Kxe6 48. Bxh7 Kd5 49. Bc2 Kc5 50. g4 Kb4 51. g5 Ka3 52. h4 Kb2 53. Bd3 c2 54. Bxc2 Kxc2 55. h5 d3 56. h6 gxh6 57. gxh6 d2 58. b4 axb4 59. a5 d1=Q 60. a6 Qf1+ 61. Kg3 Rg8+ 62. Kh2 Qg1+ 63. Kh3 Qh1# 0-1

[Event "Kingston Invitational Swiss Play-Off"]
[Site "Kingston-upon-Thames"]
[Date "2025.08.16"]
[Round "1"]
[White "Lund, Gunnar"]
[Black "Grave, Jacob Templen"]
[Result "0-1"]
[WhiteElo "2273"]
[BlackElo "2338"]
[PlyCount "102"]
[EventDate "2025.08.16"]
[EventType "match (blitz)"]
[EventRounds "2"]
[EventCountry "ENG"]
[SourceTitle "BritBase"]
[Source "John Saunders"]
[SourceDate "2025.08.19"]
[SourceVersion "1"]
[SourceVersionDate "2025.08.19"]
[SourceQuality "1"]

1. d4 d5 2. Bf4 Nf6 3. e3 e6 4. Nf3 Bd6 5. Nbd2 O-O 6. Bd3 c5 7. c3 Bxf4 8. exf4 Qc7 9. g3 b6 10. Qe2 a5 11. O-O Ba6 12. Rac1 Bxd3 13. Qxd3 c4 14. Qc2 Nc6 15. f5 e5 16. Nxe5 Nxe5 17. dxe5 Qxe5 18. Rfe1 Qc7 19. Nf3 Ne4 20. Rcd1 Rad8 21. Nd4 Rfe8 22. Re3 Nc5 23. Rde1 Rxe3 24. Rxe3 Qd7 25. Qe2 g6 26. h4 Kf8 27. fxg6 hxg6 28. h5 Re8 29. hxg6 fxg6 30. Qf3+ Qf7 31. Rxe8+ Kxe8 32. Qg4 Kf8 33. Qc8+ Kg7 34. Qb8 Nd3 35. f3 Qe7 36. Qc7 Qxc7 37. Ne6+ Kf6 38. Nxc7 Ke5 39. b3 cxb3 40. axb3 Nc1 41. f4+ Ke4 42. c4 dxc4 43. bxc4 a4 44. Nb5 Kd3 45. g4 Ne2+ 46. Kf2 Nxf4 47. Kf3 Ne6 48. Na3 g5 49. Kf2 Nd4 50. Kg3 Kc3 51. Kf2 Kb2 0-1

[Event "Kingston Invitational Swiss Play-Off"]
[Site "Kingston-upon-Thames"]
[Date "2025.08.16"]
[Round "2"]
[White "Grave, Jacob Templen"]
[Black "Lund, Gunnar"]
[Result "1/2-1/2"]
[WhiteElo "2338"]
[BlackElo "2273"]
[PlyCount "73"]
[EventDate "2025.08.16"]
[EventType "match (blitz)"]
[EventRounds "2"]
[EventCountry "ENG"]
[SourceTitle "BritBase"]
[Source "John Saunders"]
[SourceDate "2025.08.19"]
[SourceVersion "1"]
[SourceVersionDate "2025.08.19"]
[SourceQuality "1"]

1. d4 d6 2. Nf3 Nf6 3. c4 Nbd7 4. Nc3 e5 5. e4 Be7 6. Be2 O-O 7. O-O c6 8. Be3 Re8 9. d5 cxd5 10. cxd5 Ng4 11. Bc1 f5 12. exf5 Nc5 13. Ng5 Nxh2 14. Kxh2 Bxg5 15. Bg4 Bxc1 16. Rxc1 Qh4+ 17. Kg1 Bd7 18. b4 Na6 19. Ne4 Qe7 20. f6 Qd8 21. f7+ Kxf7 22. Nxd6+ Kg8 23. Nxe8 Bxe8 24. Be6+ Kh8 25. a3 Nc7 26. Re1 Qd6 27. Qe2 Nxe6 28. dxe6 Qxe6 29. Qxe5 Qg6 30. Rc7 Bc6 31. Qg3 Qf6 32. Ree7 Rg8 33. Rxg7 Qxg7 34. Rxg7 Rxg7 35. Qb8+ Rg8 36. Qe5+ Rg7 37. Qb8+ 1/2-1/2

[Event "Kingston Invitational Swiss U18 P/O"]
[Site "Kingston-upon-Thames"]
[Date "2025.08.16"]
[Round "1"]
[White "Verma, Shlok"]
[Black "Kothari, Jai"]
[Result "0-1"]
[WhiteElo "1956"]
[BlackElo "1878"]
[PlyCount "96"]
[EventDate "2025.08.16"]
[EventType "match (blitz)"]
[EventRounds "2"]
[EventCountry "ENG"]
[SourceTitle "BritBase"]
[Source "John Saunders"]
[SourceDate "2025.08.19"]
[SourceVersion "1"]
[SourceVersionDate "2025.08.19"]
[SourceQuality "1"]

1. d4 Nf6 2. c4 c5 3. d5 b5 4. cxb5 a6 5. bxa6 Bxa6 6. Nc3 d6 7. e4 Bxf1 8. Kxf1 g6 9. Nf3 Bg7 10. g3 Nbd7 11. Kg2 O-O 12. a4 Qb6 13. Qe2 Rfb8 14. Nb5 Ne8 15. Ra3 Nc7 16. Nxc7 Qxc7 17. b3 Rb7 18. Qc2 c4 19. Qxc4 Qxc4 20. bxc4 Rba7 21. Be3 Rxa4 22. Rxa4 Rxa4 23. Rc1 h6 24. h4 Kh7 25. Nd2 Bf6 26. Nb3 Ne5 27. c5 dxc5 28. Nxc5 Ra2 29. Nb3 Ng4 30. Re1 Rb2 31. Nc5 Nxe3+ 32. Rxe3 Bd4 33. Na4 Ra2 34. Nc3 Rc2 35. Rd3 Bxc3 36. d6 exd6 37. Rxd6 Be1 38. Kf1 Bxf2 39. Rf6 Bxg3 40. Rxf7+ Kg8 41. Rf6 Kg7 42. Re6 Bxh4 43. Re5 Bg3 44. Rd5 h5 45. Rd7+ Kh6 46. Re7 h4 47. Re8 Kg5 48. Rh8 Kg4 0-1

[Event "Kingston Invitational Swiss U18 P/O"]
[Site "Kingston-upon-Thames"]
[Date "2025.08.16"]
[Round "2"]
[White "Kothari, Jai"]
[Black "Verma, Shlok"]
[Result "1-0"]
[WhiteElo "1878"]
[BlackElo "1956"]
[PlyCount "79"]
[EventDate "2025.08.16"]
[EventType "match (blitz)"]
[EventRounds "2"]
[EventCountry "ENG"]
[SourceTitle "BritBase"]
[Source "John Saunders"]
[SourceDate "2025.08.19"]
[SourceVersion "1"]
[SourceVersionDate "2025.08.19"]
[SourceQuality "1"]

1. f4 d5 2. Nf3 Nf6 3. b3 e6 4. Bb2 c5 5. e3 Nc6 6. Bb5 Be7 7. Bxc6+ bxc6 8. O-O O-O 9. d3 Ba6 10. c4 Bb7 11. Qe2 Nd7 12. Nbd2 f6 13. Rae1 Qc7 14. e4 d4 15. e5 fxe5 16. Nxe5 Nxe5 17. Qxe5 Qxe5 18. fxe5 a5 19. a4 Bc8 20. Ba3 Rb8 21. Rxf8+ Kxf8 22. Rb1 Bd7 23. Ne4 Be8 24. Bxc5 Bg6 25. Bxe7+ Kxe7 26. Nc5 Bf5 27. Kf2 g5 28. Ke2 h5 29. Kd2 Rf8 30. Rf1 g4 31. Rf4 h4 32. Rxd4 g3 33. Rxh4 gxh2 34. Rxh2 Rg8 35. Kc3 Rg3 36. Rh8 Rxg2 37. Ra8 Re2 38. Ra7+ Ke8 39. Kd4 Rb2 40. Rxa5 1-0